00245 a2200097 450000500170000000800410001702000180005810000140007624500240009026000330011420240408172034.0240408b |||||||| |||| 00| 0 eng d a9789388423441 aSharma R. a5 A.M. क्लब bJaico Publishing Housec2018